000 00992cam a22003015a 4500
001 L148735
002 18147
008 091029s2010 xxk f 000 0 eng d
020 _a9780728205505
035 _a(Sirsi) u148735
041 0 _aeng
050 0 4 _a333.332 $2 18
100 1 _aEnever, Nigel
245 0 4 _aThe valuation of property investments
250 _a7th ed.
260 _aOxford
_bEG Books
_c2010
300 _axii, 220p.
_c22cm.
350 _a32.99
520 _aCovers all major aspects of valuing various types of investment property, including problems of inflation and growth, the equated rent principle and the special problems of short leaseholds, reversionary investments and taxation implications.
520 _aSupersedes sixth edition (ISBN 0728203693).
521 _aAdvanced
590 _aKA
651 4 _aUnited Kingdom
_y
690 _aPROPERTY-PROPERTY APPRAISAL AND VALUATION
700 1 _aIsaac, David
700 1 _aDaley, Mark
942 _n0
999 _c110195
_d110195